Statistiques concernant Culture Générale - Série 1296

Cliquez ici pour prendre le quiz!

Statistiques générales

  • Ce quiz a été pris 41 fois
  • Le résultat moyen est 5 sur 10

Statistiques - réponses

Question Réponse % Correct
Quel était le prénom de l'ingénieur qui a conçu la tour Eiffel ?Gustave
95%
Quelle fontaine du XVIIIe siècle reverse quotidiennement environ 2 500 euros à des œuvres caritatives italiennes ?fontaine de Trevi
82%
Quelle attraction touristique au port de Copenhague a été décapitée par des vandales ?La Petite Sirène
71%
Quelle est la nationalité de l'auteur de l'œuvre Crime et châtiment ?Russe
66%
Comment s'appelle la période au cours de laquelle les joueurs de football peuvent être transférés d'un club à l'autre ?Mercato
61%
Quelle femme de lettres a été la muse puis l'épouse de Louis Aragon ?Elsa Triolet
53%
Quelle comédie musicale de Bernstein se déroulant à New York dans les années 50 est inspirée de la tragédie Roméo et Juliette de Shakespeare ?West Side Story
45%
Qui a composé l'opéra Les noces de Figaro ?Mozart
42%
Dans quel club Franck Ribéry jouait-il avant de rejoindre l'Olympique de Marseille ?Galatasaray
13%
Qui a créé le logo de Chupa Chups en 1988 ?Salvador Dalí
5%

Distribution des résultats

Percentile par nombre de réponses

% des personnes avec chaque résultat

Votre développement - résultats

Vous n’avez pas pris ce quiz